| 000 | 00840nam a2200241 i 4500 | ||
|---|---|---|---|
| 001 | 77896 | ||
| 003 | ES-MaACL | ||
| 005 | 20230906173433.0 | ||
| 007 | t| | ||
| 008 | 170531s1970 mx ||||1| spa d | ||
| 080 | _a7:061.43(72)"19" | ||
| 100 | 0 |
_aFernández, Justino. _949395 |
|
| 245 | 1 | 0 |
_aCatálogo de las exposiciones de arte en 1969 / _cJustino Fernández. |
| 250 | _a1ª ed. | ||
| 260 |
_aMéxico : _bUniversidad Nacional Autónoma de México, Dirección General de Publicaciones, _c1970. |
||
| 300 |
_a131 p. ; _c23 cm. |
||
| 500 | _a"Suplemento al núm. 39 de los Anales del Instituto de Investigaciones Estéticas" | ||
| 650 | 4 |
_aExposiciones de arte- _zMéxico. _9162922 |
|
| 655 | 7 |
_2tgfbne _9193628 _aCatálogos de exposiciones |
|
| 852 |
_aES-MaACL _j2336-F-12 |
||
| 942 | _2udc | ||
| 999 |
_c77896 _d77896 |
||